000 nam a22 7a 4500
999 _c7632
_d7632
008 170923b xxu||||| |||| 00| 0 eng d
100 _94132
_aNCERT
245 _aMathematics-IX
260 _aNew Delhi
_bNCERT
_c2009